[Event "Chess24 Banter Blitz Cup Qual-H"]
[Site "chess24.com INT"]
[Date "2020.09.18"]
[Round "2.5"]
[White "Svidler, Peter"]
[Black "Yilmaz, Mustafa"]
[Result "1-0"]
[WhiteElo "2723"]
[BlackElo "2630"]
[PlyCount "55"]
[EventDate "2020.09.17"]
[EventType "k.o. (blitz)"]
[EventRounds "3"]
[EventCountry "GER"]
[SourceTitle "EXT 2021"]
[Source "ChessBase"]
[SourceDate "2020.10.23"]
[SourceVersion "1"]
[SourceVersionDate "2020.10.23"]
[SourceQuality "1"]

1. c4 e6 2. Nf3 d5 3. e3 Nf6 4. b3 c5 5. Bb2 Nc6 6. cxd5 exd5 7. Be2 Bd6 8. O-O
O-O 9. d4 cxd4 10. Nxd4 Bc7 11. Nd2 Nxd4 12. Bxd4 Re8 13. Rc1 Qd6 14. Nf3 Bg4
15. g3 Bh3 16. Bxf6 Bxf1 17. Bxf1 gxf6 18. Nd4 Bb6 19. Nf5 Qf8 20. Qh5 Re5 21.
Bd3 Kh8 22. Qh4 Bd8 23. Rc7 Re6 24. Rd7 Qe8 25. Rxb7 Re4 26. Bxe4 dxe4 27. Nd6
Qe6 28. Rxf7 1-0

[Event "Chess24 Banter Blitz Cup Qual-H"]
[Site "chess24.com INT"]
[Date "2020.09.18"]
[Round "2.12"]
[White "Svidler, Peter"]
[Black "Lagarde, Maxime"]
[Result "1/2-1/2"]
[WhiteElo "2723"]
[BlackElo "2657"]
[PlyCount "98"]
[EventDate "2020.09.17"]
[EventType "k.o. (blitz)"]
[EventRounds "3"]
[EventCountry "GER"]
[SourceTitle "EXT 2021"]
[Source "ChessBase"]
[SourceDate "2020.10.23"]
[SourceVersion "1"]
[SourceVersionDate "2020.10.23"]
[SourceQuality "1"]

1. Nf3 f5 2. d3 Nc6 3. d4 e6 4. g3 Nf6 5. Bg2 Be7 6. c4 O-O 7. Nc3 d6 8. d5 Ne5
9. Nd4 Nxc4 10. Nxe6 Bxe6 11. dxe6 c6 12. Qb3 d5 13. Qxb7 Qd6 14. Qb3 Rab8 15.
Qc2 Qxe6 16. O-O Ne4 17. Na4 Bf6 18. Rb1 Bd4 19. e3 Bb6 20. b3 Ne5 21. Bb2 Rbc8
22. Rbc1 h5 23. Nxb6 axb6 24. Qe2 h4 25. Rfd1 hxg3 26. fxg3 Ng4 27. Re1 Rfe8
28. Qf3 Rf8 29. Qf4 Rce8 30. h3 Ngf6 31. Qh4 Re7 32. Rf1 c5 33. Rcd1 Ref7 34.
Bxf6 Rxf6 35. Bxe4 fxe4 36. Rf4 Rxf4 37. gxf4 d4 38. exd4 e3 39. Qg4 Qxg4+ 40.
hxg4 Rxf4 41. dxc5 bxc5 42. Re1 Rxg4+ 43. Kf1 Rf4+ 44. Ke2 Rf2+ 45. Kxe3 Rxa2
46. Kd3 Rf2 47. Re5 Kf7 48. Rxc5 Kf6 49. Ke3 Rb2 1/2-1/2

[Event "Chess24 Banter Blitz Cup Qual-H"]
[Site "chess24.com INT"]
[Date "2020.09.19"]
[Round "3.1"]
[White "Lagarde, Maxime"]
[Black "Svidler, Peter"]
[Result "0-1"]
[WhiteElo "2657"]
[BlackElo "2723"]
[PlyCount "64"]
[EventDate "2020.09.17"]
[EventType "k.o. (blitz)"]
[EventRounds "3"]
[EventCountry "GER"]
[SourceTitle "EXT 2021"]
[Source "ChessBase"]
[SourceDate "2020.10.23"]
[SourceVersion "1"]
[SourceVersionDate "2020.10.23"]
[SourceQuality "1"]

1. e4 e5 2. Bc4 Nf6 3. d3 c6 4. Nf3 d5 5. Bb3 a5 6. a3 Bd6 7. Nc3 d4 8. Ne2 a4
9. Ba2 h6 10. h3 c5 11. g4 b5 12. Ng3 g6 13. c4 Be6 14. cxb5 Bxa2 15. Rxa2 Qa5+
16. Nd2 Nbd7 17. O-O Qxb5 18. Nc4 Bc7 19. f4 exf4 20. Bxf4 Bxf4 21. Rxf4 O-O
22. Ra1 Ra6 23. Qf3 Qc6 24. Rf1 Qe6 25. Kg2 Ne8 26. h4 Nd6 27. Nxd6 Rxd6 28. h5
Ne5 29. Qd1 Rb6 30. hxg6 Rxb2+ 31. Kh3 Qa2 32. g5 Rh2# 0-1

[Event "Chess24 Banter Blitz Cup Qual-H"]
[Site "chess24.com INT"]
[Date "2020.09.19"]
[Round "3.2"]
[White "Svidler, Peter"]
[Black "Lagarde, Maxime"]
[Result "1-0"]
[WhiteElo "2723"]
[BlackElo "2657"]
[PlyCount "75"]
[EventDate "2020.09.17"]
[EventType "k.o. (blitz)"]
[EventRounds "3"]
[EventCountry "GER"]
[SourceTitle "EXT 2021"]
[Source "ChessBase"]
[SourceDate "2020.10.23"]
[SourceVersion "1"]
[SourceVersionDate "2020.10.23"]
[SourceQuality "1"]

1. d4 f5 2. Nc3 Nf6 3. Bg5 d5 4. e3 Be6 5. Nf3 Nbd7 6. h3 h6 7. Bf4 g5 8. Bh2
c6 9. Bd3 Bg7 10. h4 g4 11. Ne5 O-O 12. Ng6 Qb6 13. Nxe7+ Kh7 14. Nxf5 Qxb2 15.
Nxg7+ Kxg7 16. Ne2 Qa3 17. O-O Qe7 18. Rb1 b6 19. Nf4 Bf7 20. Bg3 c5 21. Bf5 h5
22. Qd3 c4 23. Qe2 Rae8 24. Rbe1 Ne4 25. Bxe4 dxe4 26. d5 Qc5 27. Rd1 Nf6 28.
d6 c3 29. Rd4 Bxa2 30. Ra1 Bf7 31. Rxa7 Kg8 32. Qd1 b5 33. Rc7 Qa3 34. d7 Rd8
35. Rd6 Ne8 36. dxe8=N Rxd6 37. Nxd6 Rd8 38. Nd5 1-0

[Event "Chess24 Banter Blitz Cup Qual-H"]
[Site "chess24.com INT"]
[Date "2020.09.19"]
[Round "3.3"]
[White "Lagarde, Maxime"]
[Black "Svidler, Peter"]
[Result "1-0"]
[WhiteElo "2657"]
[BlackElo "2723"]
[PlyCount "71"]
[EventDate "2020.09.17"]
[EventType "k.o. (blitz)"]
[EventRounds "3"]
[EventCountry "GER"]
[SourceTitle "EXT 2021"]
[Source "ChessBase"]
[SourceDate "2020.10.23"]
[SourceVersion "1"]
[SourceVersionDate "2020.10.23"]
[SourceQuality "1"]

1. e4 c5 2. Nf3 e6 3. c3 d5 4. e5 d4 5. g3 Bd7 6. Bg2 Bc6 7. O-O Ne7 8. h4 Nf5
9. d3 Nd7 10. Re1 Qc7 11. Na3 Rd8 12. Bf4 dxc3 13. bxc3 Be7 14. h5 Nb6 15. Qe2
Nd5 16. Bd2 b5 17. g4 Nh4 18. Nxh4 Bxh4 19. g5 h6 20. g6 Ne7 21. Qg4 Bxg2 22.
Nxb5 Qc6 23. Nd6+ Rxd6 24. exd6 Bf3 25. gxf7+ Kd8 26. Qxh4 Qxd6 27. Bf4 Qd5 28.
Rab1 Kd7 29. Rb8 Rxb8 30. Bxb8 Qf5 31. Qg3 Qxf7 32. Qd6+ Ke8 33. Rxe6 Bg4 34.
Re3 Bd7 35. Qxc5 Qf6 36. Bd6 1-0

[Event "Chess24 Banter Blitz Cup Qual-H"]
[Site "chess24.com INT"]
[Date "2020.09.19"]
[Round "3.4"]
[White "Svidler, Peter"]
[Black "Lagarde, Maxime"]
[Result "1-0"]
[WhiteElo "2723"]
[BlackElo "2657"]
[PlyCount "45"]
[EventDate "2020.09.17"]
[EventType "k.o. (blitz)"]
[EventRounds "3"]
[EventCountry "GER"]
[SourceTitle "EXT 2021"]
[Source "ChessBase"]
[SourceDate "2020.10.23"]
[SourceVersion "1"]
[SourceVersionDate "2020.10.23"]
[SourceQuality "1"]

1. d4 e6 2. c4 b6 3. a3 Bb7 4. Nc3 f5 5. d5 Nf6 6. g3 d6 7. Bg2 e5 8. Nf3 Nbd7
9. Ng5 Nc5 10. b4 h6 11. bxc5 hxg5 12. c6 Ba6 13. Qa4 Bc8 14. Bxg5 Be7 15. Bd2
g5 16. Qc2 e4 17. Bxg5 Nxd5 18. Nxd5 Bxg5 19. g4 Be6 20. Rd1 Bxd5 21. Rxd5 Qe7
22. Rxf5 O-O-O 23. Qa4 1-0

[Event "Chess24 Banter Blitz Cup Qual-H"]
[Site "chess24.com INT"]
[Date "2020.09.19"]
[Round "3.5"]
[White "Lagarde, Maxime"]
[Black "Svidler, Peter"]
[Result "1-0"]
[WhiteElo "2657"]
[BlackElo "2723"]
[PlyCount "73"]
[EventDate "2020.09.17"]
[EventType "k.o. (blitz)"]
[EventRounds "3"]
[EventCountry "GER"]
[SourceTitle "EXT 2021"]
[Source "ChessBase"]
[SourceDate "2020.10.23"]
[SourceVersion "1"]
[SourceVersionDate "2020.10.23"]
[SourceQuality "1"]

1. e4 e5 2. Bc4 Nf6 3. d3 c6 4. Nf3 Be7 5. a3 O-O 6. Ba2 d6 7. Nc3 Be6 8. Rg1
Bxa2 9. Rxa2 Nbd7 10. g4 Nc5 11. g5 Nfd7 12. Nh4 g6 13. Nf5 f6 14. h4 gxf5 15.
g6 Re8 16. Qh5 h6 17. exf5 Bf8 18. g7 Bxg7 19. b4 Re7 20. bxc5 Nxc5 21. Bxh6
Qe8 22. Rg6 Qd7 23. Ne4 Nxe4 24. dxe4 d5 25. c4 Rd8 26. Rd2 d4 27. Rd3 Rf8 28.
Rdg3 Rff7 29. Qg4 d3 30. Kd2 Qd4 31. Rxd3 Qxf2+ 32. Kc3 Qe1+ 33. Kc2 Qf2+ 34.
Rd2 Qc5 35. Rd8+ Kh7 36. Bxg7 Qxc4+ 37. Kb2 1-0

[Event "Chess24 Banter Blitz Cup Qual-H"]
[Site "chess24.com INT"]
[Date "2020.09.19"]
[Round "3.6"]
[White "Svidler, Peter"]
[Black "Lagarde, Maxime"]
[Result "0-1"]
[WhiteElo "2723"]
[BlackElo "2657"]
[PlyCount "90"]
[EventDate "2020.09.17"]
[EventType "k.o. (blitz)"]
[EventRounds "3"]
[EventCountry "GER"]
[SourceTitle "EXT 2021"]
[Source "ChessBase"]
[SourceDate "2020.10.23"]
[SourceVersion "1"]
[SourceVersionDate "2020.10.23"]
[SourceQuality "1"]

1. e4 e6 2. d4 d5 3. Nd2 Be7 4. Bd3 c5 5. dxc5 Nf6 6. Qe2 O-O 7. Ngf3 a5 8. O-O
Na6 9. e5 Nd7 10. Nb3 Naxc5 11. Nbd4 Nxd3 12. cxd3 Nc5 13. Be3 Qd7 14. a3 a4
15. Nc2 Nb3 16. Rad1 d4 17. Nfxd4 Nxd4 18. Nxd4 b5 19. Qg4 Rd8 20. Ne2 b4 21.
Nf4 Kh8 22. Nh5 Rg8 23. axb4 Rb8 24. Bd2 Qxd3 25. Bc3 Qg6 26. Rd4 Bb7 27. h3
Rgc8 28. Rfd1 Bf8 29. Be1 Kg8 30. Nf4 Qxg4 31. hxg4 Bc6 32. Nd3 Bd5 33. Ra1 Rd8
34. Nc5 Bxc5 35. bxc5 Rxb2 36. Rdxa4 Rc2 37. Ra5 h6 38. f3 Rb8 39. R5a4 Rbb2
40. Rf4 Rxg2+ 41. Kf1 Bc6 42. Rb4 Rbc2 43. Ra6 Rh2 44. Kg1 Rcg2+ 45. Kf1 Bxf3
0-1

[Event "Chess24 Banter Blitz Cup Qual-H"]
[Site "chess24.com INT"]
[Date "2020.09.19"]
[Round "3.7"]
[White "Lagarde, Maxime"]
[Black "Svidler, Peter"]
[Result "0-1"]
[WhiteElo "2657"]
[BlackElo "2723"]
[PlyCount "82"]
[EventDate "2020.09.17"]
[EventType "k.o. (blitz)"]
[EventRounds "3"]
[EventCountry "GER"]
[SourceTitle "EXT 2021"]
[Source "ChessBase"]
[SourceDate "2020.10.23"]
[SourceVersion "1"]
[SourceVersionDate "2020.10.23"]
[SourceQuality "1"]

1. e4 e5 2. Bc4 Nf6 3. d3 c6 4. Nf3 Be7 5. a3 O-O 6. Ba2 d6 7. Nc3 Be6 8. Rg1
Bxa2 9. Rxa2 Nbd7 10. g4 Nc5 11. g5 Nfd7 12. Nh4 g6 13. Nf5 f6 14. h4 Kh8 15.
Nxe7 Qxe7 16. h5 f5 17. hxg6 hxg6 18. exf5 Rxf5 19. Qg4 Kg7 20. Rh1 Rh8 21.
Rxh8 Kxh8 22. Qh4+ Kg8 23. Ra1 d5 24. Bd2 Ne6 25. Ne2 Qf7 26. Be3 d4 27. Bd2
Nb6 28. Qh2 Nd5 29. Ng3 Rf3 30. Ne4 Qf5 31. Ke2 Qg4 32. Rg1 Rg3+ 33. Kf1 Rxg1+
34. Qxg1 Qd1+ 35. Be1 Qxc2 36. Qg3 Nef4 37. Qg4 Qxd3+ 38. Kg1 Qxe4 39. Qc8+ Kf7
40. Qxb7+ Ne7 41. Bb4 Qg2# 0-1

[Event "Chess24 Banter Blitz Cup Final"]
[Site "chess24.com INT"]
[Date "2020.09.22"]
[Round "1.13"]
[White "Giri, Anish"]
[Black "Svidler, Peter"]
[Result "1-0"]
[WhiteElo "2764"]
[BlackElo "2723"]
[PlyCount "53"]
[EventDate "2020.09.21"]
[EventType "k.o. (blitz)"]
[EventRounds "4"]
[EventCountry "GER"]
[SourceTitle "EXT 2021"]
[Source "ChessBase"]
[SourceDate "2020.10.23"]
[SourceVersion "1"]
[SourceVersionDate "2020.10.23"]
[SourceQuality "1"]

1. Nf3 g6 2. e4 d5 3. exd5 Qxd5 4. Nc3 Qd8 5. d4 Bg7 6. Bf4 c6 7. Qd2 Nf6 8.
O-O-O O-O 9. Bh6 Bg4 10. Be2 Nbd7 11. Bxg7 Kxg7 12. Ne5 Bxe2 13. Qxe2 Nd5 14.
Nxd5 cxd5 15. h4 h5 16. g4 Nxe5 17. dxe5 Rh8 18. e6 f6 19. Rhg1 hxg4 20. Qxg4
Rh6 21. h5 Qd6 22. Qf5 Kh8 23. Rxg6 Rh7 24. Rxf6 Rg8 25. Rf8 Rhg7 26. h6 Rg2
27. h7 1-0

[Event "Titled Tuesday intern op 22nd Sept"]
[Site "Chess.com INT"]
[Date "2020.09.22"]
[Round "2"]
[White "Petkov, Momchil"]
[Black "Svidler, Peter"]
[Result "0-1"]
[WhiteElo "2358"]
[BlackElo "2723"]
[PlyCount "58"]
[EventDate "2020.09.22"]
[EventType "swiss (blitz)"]
[EventRounds "10"]
[EventCountry "USA"]
[SourceTitle "EXT 2021"]
[Source "ChessBase"]
[SourceDate "2020.10.23"]
[SourceVersion "1"]
[SourceVersionDate "2020.10.23"]
[SourceQuality "1"]

1. e4 c5 2. Nf3 d6 3. d4 cxd4 4. Nxd4 Nf6 5. Nc3 a6 6. Bg5 Nbd7 7. Qe2 h6 8.
Bh4 g6 9. f4 Qc7 10. O-O-O Bg7 11. g3 e5 12. Nb3 O-O 13. Bg2 b5 14. Kb1 Bb7 15.
Rhe1 b4 16. Nd5 Bxd5 17. exd5 a5 18. Bxf6 Bxf6 19. f5 a4 20. Nc1 g5 21. h4 e4
22. hxg5 hxg5 23. Rh1 Rfc8 24. Bxe4 a3 25. Nd3 axb2 26. Nxb4 Qa5 27. Qd2 Rc4
28. c3 Rxb4 29. cxb4 Qxa2+ 0-1

[Event "Titled Tuesday intern op 22nd Sept"]
[Site "Chess.com INT"]
[Date "2020.09.22"]
[Round "3"]
[White "Svidler, Peter"]
[Black "Zwirs, Nico"]
[Result "1-0"]
[WhiteElo "2723"]
[BlackElo "2453"]
[PlyCount "91"]
[EventDate "2020.09.22"]
[EventType "swiss (blitz)"]
[EventRounds "10"]
[EventCountry "USA"]
[SourceTitle "EXT 2021"]
[Source "ChessBase"]
[SourceDate "2020.10.23"]
[SourceVersion "1"]
[SourceVersionDate "2020.10.23"]
[SourceQuality "1"]

1. e4 c5 2. Nf3 d6 3. d4 cxd4 4. Nxd4 Nf6 5. Nc3 a6 6. h4 Nc6 7. h5 h6 8. f3 e5
9. Nb3 Be6 10. Nd5 Bxd5 11. exd5 Nb8 12. c4 Nbd7 13. Be3 Be7 14. Qd2 b6 15.
O-O-O Nc5 16. Kb1 Qc7 17. Nc1 Nh7 18. g3 Bg5 19. f4 Bf6 20. Nd3 Nxd3 21. Bxd3
Nf8 22. Rhe1 Nd7 23. g4 Bh4 24. Re2 Be7 25. Bf5 exf4 26. Bxf4 Kf8 27. Qe3 Ne5
28. Bxe5 dxe5 29. d6 Bxd6 30. Be4 Rd8 31. Bd5 Ke7 32. g5 Qc5 33. Qf3 Rdf8 34.
Qf5 hxg5 35. Qxg5+ Ke8 36. a3 Rh6 37. Be4 Rf6 38. Qxg7 Rf2 39. Rxf2 Qxf2 40.
Ka2 Ke7 41. Qg5+ f6 42. Qg7+ Rf7 43. Qg8 Qc5 44. Bg6 Qxc4+ 45. Ka1 Qb3 46.
Qxf7+ 1-0

[Event "Titled Tuesday intern op 22nd Sept"]
[Site "Chess.com INT"]
[Date "2020.09.22"]
[Round "4"]
[White "Molina, Roberto Junio Brito"]
[Black "Svidler, Peter"]
[Result "0-1"]
[WhiteElo "2434"]
[BlackElo "2723"]
[PlyCount "106"]
[EventDate "2020.09.22"]
[EventType "swiss (blitz)"]
[EventRounds "10"]
[EventCountry "USA"]
[SourceTitle "EXT 2021"]
[Source "ChessBase"]
[SourceDate "2020.10.23"]
[SourceVersion "1"]
[SourceVersionDate "2020.10.23"]
[SourceQuality "1"]

1. d4 d6 2. e4 Nf6 3. Nc3 g6 4. f3 Bg7 5. Be3 a6 6. Qd2 b5 7. a4 b4 8. Nd1 a5
9. c3 bxc3 10. bxc3 O-O 11. Bb5 Nbd7 12. Ne2 Nb6 13. O-O Bd7 14. Bxd7 Qxd7 15.
Nb2 Rfb8 16. Ra2 Qc6 17. d5 Qb7 18. c4 Nfd7 19. Nd4 Ne5 20. Rc1 Nbd7 21. f4 Ng4
22. Nb5 Nxe3 23. Qxe3 c6 24. dxc6 Qxc6 25. Nd3 Nb6 26. Nd4 Bxd4 27. Qxd4 Nxa4
28. Rca1 Nc5 29. Nxc5 dxc5 30. Qd5 Qxd5 31. exd5 Rb4 32. Rxa5 Rxa5 33. Rxa5
Rxc4 34. g3 Rc2 35. Ra7 Kf8 36. Rc7 h5 37. h3 c4 38. g4 h4 39. Rc8+ Kg7 40. g5
c3 41. Rc7 Rd2 42. Rxc3 Rxd5 43. Kg2 Rf5 44. Rc4 e5 45. Kf3 exf4 46. Rxf4 Rxg5
47. Rxh4 Rh5 48. Rxh5 gxh5 49. Ke4 Kg6 50. Kf4 f6 51. h4 Kg7 52. Ke4 Kf8 53.
Kf4 Ke7 0-1

[Event "Titled Tuesday intern op 22nd Sept"]
[Site "Chess.com INT"]
[Date "2020.09.22"]
[Round "5"]
[White "Svidler, Peter"]
[Black "Lazavik, Denis"]
[Result "1-0"]
[WhiteElo "2723"]
[BlackElo "2424"]
[PlyCount "101"]
[EventDate "2020.09.22"]
[EventType "swiss (blitz)"]
[EventRounds "10"]
[EventCountry "USA"]
[SourceTitle "EXT 2021"]
[Source "ChessBase"]
[SourceDate "2020.10.23"]
[SourceVersion "1"]
[SourceVersionDate "2020.10.23"]
[SourceQuality "1"]

1. Nf3 d5 2. g3 c6 3. Bg2 Bf5 4. O-O e6 5. c4 dxc4 6. Na3 Bxa3 7. bxa3 Nd7 8.
Bb2 Ngf6 9. a4 Be4 10. Qc1 Bd5 11. Rb1 Qc7 12. Ba3 c5 13. Qc2 O-O 14. Rbc1 a6
15. Rb1 b5 16. d3 cxd3 17. exd3 Qb7 18. Ne1 Bxg2 19. Nxg2 Rfc8 20. Bb2 Qc6 21.
Ne3 h6 22. Rfc1 Nd5 23. Nxd5 Qxd5 24. Qb3 Qxb3 25. axb3 Rab8 26. Bc3 bxa4 27.
bxa4 Rxb1 28. Rxb1 c4 29. dxc4 Rxc4 30. Bb4 Nf6 31. a5 Nd5 32. Be1 g5 33. h3
Kg7 34. Kf1 Kg6 35. Rb7 Rc6 36. Ke2 f5 37. Bd2 h5 38. Rb8 g4 39. hxg4 hxg4 40.
Kd3 Nf6 41. Rb6 Rc5 42. Rxe6 Kf7 43. Rxa6 Ne4 44. Be3 Rc3+ 45. Kd4 Rb3 46. Ra8
Ra3 47. a6 Ke6 48. a7 Nd6 49. Kc5 Kd7 50. Kb4 Ra6 51. Rh8 1-0

[Event "Titled Tuesday intern op 22nd Sept"]
[Site "Chess.com INT"]
[Date "2020.09.22"]
[Round "6"]
[White "Saydaliev, Saidakbar"]
[Black "Svidler, Peter"]
[Result "0-1"]
[WhiteElo "2384"]
[BlackElo "2723"]
[PlyCount "35"]
[EventDate "2020.09.22"]
[EventType "swiss (blitz)"]
[EventRounds "10"]
[EventCountry "USA"]
[SourceTitle "EXT 2021"]
[Source "ChessBase"]
[SourceDate "2020.10.23"]
[SourceVersion "1"]
[SourceVersionDate "2020.10.23"]
[SourceQuality "1"]

1. d4 Nf6 2. c4 g6 3. Nf3 Bg7 4. g3 O-O 5. Bg2 d6 6. Nc3 Nc6 7. O-O a6 8. d5
Na5 9. Nd2 c5 10. Qc2 Rb8 11. b3 b5 12. Bb2 h5 13. Rab1 h4 14. e4 hxg3 15. hxg3
e5 16. dxe6 Bxe6 17. Nd5 Nc6 18. Nf3 0-1

[Event "Titled Tuesday intern op 22nd Sept"]
[Site "Chess.com INT"]
[Date "2020.09.22"]
[Round "7"]
[White "Svidler, Peter"]
[Black "Sarana, Alexey"]
[Result "0-1"]
[WhiteElo "2723"]
[BlackElo "2654"]
[PlyCount "138"]
[EventDate "2020.09.22"]
[EventType "swiss (blitz)"]
[EventRounds "10"]
[EventCountry "USA"]
[SourceTitle "EXT 2021"]
[Source "ChessBase"]
[SourceDate "2020.10.23"]
[SourceVersion "1"]
[SourceVersionDate "2020.10.23"]
[SourceQuality "1"]

1. Nf3 d5 2. c4 d4 3. b4 c5 4. g3 Nf6 5. Bg2 e6 6. O-O cxb4 7. a3 b3 8. d3 Nc6
9. Nbd2 Bd6 10. Nxb3 e5 11. Bg5 h6 12. Bxf6 Qxf6 13. Nfd2 Qe7 14. Ne4 Bc7 15.
c5 O-O 16. Qc2 f5 17. Ned2 Be6 18. Rab1 Rab8 19. Nc4 Kh8 20. Rfc1 Bg8 21. Nd6
Bxd6 22. cxd6 Qxd6 23. Nc5 Na5 24. Nxb7 Nxb7 25. Rxb7 Rxb7 26. Bxb7 Qxa3 27.
Qc5 Qxc5 28. Rxc5 Rb8 29. Bf3 Re8 30. Rc7 e4 31. Bh5 Ra8 32. dxe4 fxe4 33. Bg6
Bh7 34. Bf7 a5 35. Bd5 Rd8 36. Bb3 d3 37. exd3 exd3 38. Kf1 Rb8 39. Rc3 Bf5 40.
Ke1 Re8+ 41. Kd1 Re2 42. f3 Rxh2 43. g4 Rh1+ 44. Kd2 Rh2+ 45. Kd1 a4 46. Bf7
Rh1+ 47. Kd2 Rh2+ 48. Kd1 Bd7 49. Rxd3 Bb5 50. Rd6 g5 51. Bd5 a3 52. Rb6 a2 53.
Bxa2 Ba4+ 54. Bb3 Rb2 55. Rb8+ Kg7 56. Rb7+ Kf8 57. Bxa4 Rxb7 58. Ke2 Rb4 59.
Bc6 Ke7 60. Kf2 Kd6 61. Ba8 Ke5 62. Kg3 Ra4 63. Bb7 Ra3 64. Bc6 Kd4 65. Kf2
Ra2+ 66. Kg3 Ke3 67. Bd5 Rb2 68. Ba8 Rb1 69. Kg2 Kf4 0-1

[Event "Titled Tuesday intern op 22nd Sept"]
[Site "Chess.com INT"]
[Date "2020.09.22"]
[Round "8"]
[White "Nguyen, Ngoc Truong Son"]
[Black "Svidler, Peter"]
[Result "0-1"]
[WhiteElo "2641"]
[BlackElo "2723"]
[PlyCount "68"]
[EventDate "2020.09.22"]
[EventType "swiss (blitz)"]
[EventRounds "10"]
[EventCountry "USA"]
[SourceTitle "EXT 2021"]
[Source "ChessBase"]
[SourceDate "2020.10.23"]
[SourceVersion "1"]
[SourceVersionDate "2020.10.23"]
[SourceQuality "1"]

1. d4 d6 2. Nf3 Bg4 3. e4 Nf6 4. Nc3 e6 5. Be2 d5 6. exd5 exd5 7. O-O Be7 8. h3
Bxf3 9. Bxf3 c6 10. Bf4 O-O 11. Re1 Bd6 12. Qd2 Na6 13. Bxd6 Qxd6 14. Ne2 Rfe8
15. Nf4 Nc7 16. Nd3 Ne6 17. c3 h6 18. h4 b6 19. Rad1 Rad8 20. Ne5 c5 21. g3
cxd4 22. cxd4 Ne4 23. Bxe4 dxe4 24. Rxe4 Qd5 25. f3 f5 26. Re3 Nxd4 27. f4 Ne2+
28. Rxe2 Qc5+ 29. Kg2 Rxd2 30. Rexd2 Kh7 31. a3 Rc8 32. Rd7 Qc2+ 33. R1d2 Qe4+
34. Nf3 a5 0-1

[Event "Titled Tuesday intern op 22nd Sept"]
[Site "Chess.com INT"]
[Date "2020.09.22"]
[Round "9"]
[White "Fier, Alexandr"]
[Black "Svidler, Peter"]
[Result "1-0"]
[WhiteElo "2560"]
[BlackElo "2723"]
[PlyCount "75"]
[EventDate "2020.09.22"]
[EventType "swiss (blitz)"]
[EventRounds "10"]
[EventCountry "USA"]
[SourceTitle "EXT 2021"]
[Source "ChessBase"]
[SourceDate "2020.10.23"]
[SourceVersion "1"]
[SourceVersionDate "2020.10.23"]
[SourceQuality "1"]

1. d4 Nf6 2. c4 g6 3. Nc3 d5 4. cxd5 Nxd5 5. e4 Nxc3 6. bxc3 Bg7 7. Nf3 c5 8.
Be3 O-O 9. Be2 Qa5 10. Qd2 Rd8 11. Rc1 b6 12. O-O Ba6 13. d5 e6 14. Bg5 Rd7 15.
Bxa6 Nxa6 16. c4 Nb4 17. Qe3 Qxa2 18. h4 Re8 19. dxe6 Rxe6 20. h5 Nd3 21. Rfd1
Red6 22. e5 Rd4 23. Nxd4 Nxc1 24. e6 fxe6 25. Qxe6+ Rf7 26. Nf3 Ne2+ 27. Kh2
Nd4 28. Nxd4 cxd4 29. h6 Qc2 30. hxg7 Qxd1 31. Bf6 Qh5+ 32. Kg3 Qc5 33. Qe8+
Rf8 34. gxf8=Q+ Qxf8 35. Qxf8+ Kxf8 36. Bxd4 Ke7 37. Kf4 Kd6 38. Ke4 1-0

[Event "Chess24 October Blitz"]
[Site "chess24.com INT"]
[Date "2020.10.01"]
[Round "1"]
[White "Tari, Aryan"]
[Black "Svidler, Peter"]
[Result "1/2-1/2"]
[WhiteElo "2633"]
[BlackElo "2723"]
[PlyCount "69"]
[EventDate "2020.10.01"]
[EventType "tourn (blitz)"]
[EventRounds "10"]
[EventCountry "GER"]
[EventCategory "19"]
[SourceTitle "EXT 2021"]
[Source "ChessBase"]
[SourceDate "2020.10.23"]
[SourceVersion "1"]
[SourceVersionDate "2020.10.23"]
[SourceQuality "1"]

1. e4 e5 2. Nf3 Nc6 3. Bb5 a6 4. Ba4 Nf6 5. O-O Be7 6. d3 d6 7. c3 O-O 8. Re1
Re8 9. Nbd2 Bf8 10. Nf1 h6 11. Ng3 b5 12. Bb3 Na5 13. Bc2 c5 14. d4 cxd4 15.
cxd4 exd4 16. Nxd4 Bb7 17. b3 Rc8 18. Bb2 Nc6 19. Nxc6 Bxc6 20. Qd4 d5 21. e5
Ne4 22. Nxe4 dxe4 23. Bxe4 Qxd4 24. Bxd4 Red8 25. Bf5 Bd7 26. Bxd7 Rxd7 27. Be3
Rc2 28. h4 Bb4 29. Red1 Rxd1+ 30. Rxd1 Rxa2 31. Rd8+ Kh7 32. Rd7 Kg8 33. Rd8+
Kh7 34. Rd7 Kg8 35. Rd8+ 1/2-1/2

[Event "Chess24 October Blitz"]
[Site "chess24.com INT"]
[Date "2020.10.01"]
[Round "2"]
[White "Svidler, Peter"]
[Black "Vidit, Santosh Gujrathi"]
[Result "0-1"]
[WhiteElo "2723"]
[BlackElo "2726"]
[PlyCount "86"]
[EventDate "2020.10.01"]
[EventType "tourn (blitz)"]
[EventRounds "10"]
[EventCountry "GER"]
[EventCategory "19"]
[SourceTitle "EXT 2021"]
[Source "ChessBase"]
[SourceDate "2020.10.23"]
[SourceVersion "1"]
[SourceVersionDate "2020.10.23"]
[SourceQuality "1"]

1. Nf3 d5 2. g3 g6 3. Bg2 Bg7 4. O-O e5 5. d3 Ne7 6. Nbd2 O-O 7. e4 Nbc6 8. c3
a5 9. Re1 Re8 10. Qc2 h6 11. b3 Be6 12. Bb2 Qd7 13. a3 Bh3 14. b4 Bxg2 15. Kxg2
Rad8 16. b5 dxe4 17. dxe4 Nb8 18. c4 Qd3 19. Qxd3 Rxd3 20. Kf1 Nd7 21. Ke2 Rd6
22. a4 c5 23. Red1 Nc8 24. Nf1 f5 25. Ne3 fxe4 26. Nd2 Nf6 27. Nb3 b6 28. Rxd6
Nxd6 29. Rd1 Bf8 30. g4 Kf7 31. h3 Ke6 32. Bc3 Be7 33. Bxa5 bxa5 34. Nxc5+ Kf7
35. Na6 Nb7 36. Nd5 Rc8 37. Nb6 Rd8 38. Rxd8 Bxd8 39. Nc8 Nd7 40. Ke3 Ke6 41.
Kxe4 Nbc5+ 42. Nxc5+ Nxc5+ 43. Ke3 Nxa4 0-1

[Event "Chess24 October Blitz"]
[Site "chess24.com INT"]
[Date "2020.10.01"]
[Round "3"]
[White "Anton Guijarro, David"]
[Black "Svidler, Peter"]
[Result "1-0"]
[WhiteElo "2681"]
[BlackElo "2723"]
[PlyCount "93"]
[EventDate "2020.10.01"]
[EventType "tourn (blitz)"]
[EventRounds "10"]
[EventCountry "GER"]
[EventCategory "19"]
[SourceTitle "EXT 2021"]
[Source "ChessBase"]
[SourceDate "2020.10.23"]
[SourceVersion "1"]
[SourceVersionDate "2020.10.23"]
[SourceQuality "1"]

1. e4 c5 2. Nf3 d6 3. Bb5+ Nd7 4. c3 Ngf6 5. Qe2 a6 6. Ba4 g6 7. O-O Bg7 8. d4
b5 9. Bb3 e5 10. dxe5 dxe5 11. c4 b4 12. Rd1 Qc7 13. Nbd2 Bb7 14. Bc2 Nf8 15.
Ba4+ N8d7 16. Nf1 O-O 17. Bg5 h6 18. Bh4 Nb6 19. Bc2 Nh5 20. Ne3 Nf4 21. Qf1
Ne6 22. Nd5 Nxd5 23. cxd5 Nd4 24. Nxd4 cxd4 25. Bd3 Qd6 26. Rac1 Rac8 27. Bg3
Rxc1 28. Rxc1 f5 29. f3 h5 30. Qe2 Bh6 31. Rf1 Be3+ 32. Bf2 f4 33. g3 g5 34.
Kh1 Kh8 35. gxf4 gxf4 36. Bxe3 fxe3 37. f4 Qg6 38. fxe5 Rxf1+ 39. Qxf1 Bc8 40.
e6 Kg7 41. Qg2 Qxg2+ 42. Kxg2 Kf6 43. Kf3 Ke5 44. e7 Bd7 45. Bxa6 Kd6 46. Kf4
Kxe7 47. Ke5 1-0